| 000 | 01671nam a2200301Ia 4500 | ||
|---|---|---|---|
| 010 | _aBAC-EN21 ENG-111698 | ||
| 020 |
_a9789332536593 _c425.00 |
||
| 035 | _aEN-95230 | ||
| 035 | _aB-591154-171 | ||
| 035 | _aB-668123 | ||
| 037 |
_bTechniz _adpl |
||
| 037 | _bDBAD/PUB | ||
| 082 | _a658.401 | ||
| 100 | _aBarringer, Bruce R. | ||
| 245 |
_aPreparing effective business plans : _b an entrepreneurial approach / _cby Bruce R. Barringer |
||
| 260 |
_c2015 _aNoida _bPearson India |
||
| 270 |
_a7th Floor, Knowledge Bopulevard, A-8(A), Sector-62 _bNoida _e201309 |
||
| 300 |
_c22cm(pbk) _a264p. |
||
| 500 | _aIncludes index | ||
| 505 | _aStarting the process -- Why plan? -- What to do before the business plan is written -- Developing and screening business ideas -- Feasibility analysis -- Preparing a business plan -- Introductory material, executive summary, and description of the business -- Industry analysis -- Market analysis -- Marketing plan -- Management team and company structure -- Operations plan and product (or service) design and development plan -- Financial projections -- Presenting the business plan -- Presenting the plan with confidence -- Name index -- Subject index. | ||
| 650 | _a Business planning. | ||
| 650 | _aEntrepreneurship. | ||
| 650 |
_a New business enterprises _xPlanning. |
||
| 650 |
_aSmall business _xPlanning. |
||
| 942 |
_cEN _2ddc _mBAR _h658.401 |
||
| 999 |
_c88186 _d88186 |
||